Áreas protegidas del territorio CAR (Registro nro. 7944)
[ vista simple ]
| 000 -CABECERA | |
|---|---|
| Campo de control | 00539nmm a22001937a 4500 |
| 005 - FECHA Y HORA DE LA ULTIMA TRANSACCION | |
| Campo de control | 20140321081648.0 |
| 008 - ELEMENTOS DE LONGITUD FIJA—INFORMACION GENERAL | |
| Campo de control | 131127b2007 ck ||||| |||| 00| 0 spa d |
| 020 ## - ISBN | |
| ISBN | 9789588188102 |
| 041 ## - IDIOMA | |
| Código de idioma para texto/pista de sonido o título separado | Español |
| 044 ## - PAÍS DE PUBLICACIÓN | |
| País de publicación | Colombia |
| 090 ## - CLASIFICACIÓN LOCAL | |
| Colección | LB |
| Consecutivo | 05796 |
| 110 ## - ASIENTO PRINCIPAL--NOMBRE CORPORATIVO | |
| Nombre corporativo o de jurisdicción como elemento de entrada | Corporación Autónoma Regional de Cundinamarca |
| 245 ## - MENCION DE TITULO | |
| Título | Áreas protegidas del territorio CAR |
| 260 ## - PUBLICACION, DISTRIBUCION, ETC. (PIE DE IMPRENTA) | |
| Lugar de publicación, distribución, etc. | Bogotá |
| Nombre del editor, distribuidor, etc. | CAR |
| Fecha de publicación, distribución, etc. | 2009 |
| 300 ## - DESCRIPCION FISICA | |
| Extensión | 117 p. |
| Otros detalles físicos | il. (col), imagenes, |
| Dimensiones | 13 cm |
| 504 ## - NOTA DE BIBLIOGRAFIA, ETC. | |
| Nota de bibliografía | Incluye bibliografía |
| 505 ## - NOTA DE CONTENIDO | |
| Nota de contenido | Incluye contenido |
| 942 ## - ELEMENTOS ADICIONALES (KOHA) | |
| Sistema de clasificación | Local |
| Tipo de ítem | CD-ROM |
| Withdrawn status | Lost status | Sistema de Clasificación | Damaged status | No para préstamo | Colección | Ubicación Permanente | Ubicación actual | Fecha de adquisición | Total Checkouts | Número topográfico | Inventario / Código de Barras | Date last seen | Ejemplar | Price effective from | Forma de adquisición | Tipo de material |
|---|---|---|---|---|---|---|---|---|---|---|---|---|---|---|---|---|
| Local | Audiovisual | Bogotá | Bogotá | 27/11/2013 | LB-05796 | 058940 | 27/11/2013 | Ej. 1 | 27/11/2013 | CD-ROM | ||||||
| Local | Audiovisual | Bogotá | Bogotá | 23/12/2013 | LB-05796 | 058654 | 23/12/2013 | Ej. 2 | 23/12/2013 | CD-ROM |